000
00253nam a2200085Ia 4500
008
170620s9999 xx 000 0 und d
100
_a
Craft- Anna
245
0
_a
Creativity and early years education- A life wide foundations
260
_b
New Delhi- Atlantic Publishers
260
_c
2008
999
_c
25150
_d
25150